000 00309nam a22001337a 4500
008 171103b xxu||||| |||| 00| 0 eng d
020 _a9780136037903
041 _aeng
080 _23 ED
_a339.138
100 _a60
101 _aMAR
245 _aBASIC MARKETING RESEARCH
_cMALHOTRA/N/K
942 _2udc
_cBK
999 _c37463
_d37463